[Event "Preferente Aragonesa 2023 - Grupo 2"]
[Site ""]
[Date "2023.02.04"]
[Round "2.54"]
[White "Artal Alegria, Francisco Javier"]
[Black "Bruna Barranco, Ignacio"]
[Result "1-0"]
[WhiteElo "1745"]
[BlackElo "1618"]
[PlyCount "0"]
[WhiteTeam "Las Fuentes B"]
[BlackTeam "Palacio De Pioneros C"]
[EventDate "2023.01.28"]

1. e4 c6 2. d3 d5 3. Nd2 e5 4. Ngf3 Bg4 5. h3 Bxf3 6.
Qxf3 Nf6 7. g4 h6 8. Bg2 d4 9. O-O Bb4 10. Nc4 Nbd7 11. a3 Be7 12. Qg3 Qc7 13.
f4 exf4 14. Bxf4 Qd8 15. Bc7 Qc8 16. Nd6+ Bxd6 17. Bxd6 Nf8 18. Qf2 Qd7 19. e5
N6h7 20. Qxd4 Ne6 21. Qf2 f6 22. d4 fxe5 23. dxe5 Nhg5 24. Rad1 Nf7 25. Be4
Neg5 26. Bf5 Nxh3+ 27. Kg2 Nxf2 28. Bxd7+ Kxd7 29. Rxf2 Nxd6 30. Rxd6+ Ke7 31.
c4 Rhf8 32. Rfd2 Rad8 33. c5 a6 34. Kg3 g6 35. Rh2 Rh8 36. Kf4 Rhf8+ 37. Ke4
Rh8 38. Rxg6 Rd1 39. Rhxh6 Re1+ 40. Kf5 Rf8+ 41. Rf6 Rf1+ 42. Kg5 Rg8+ 43. Rhg6
Rxg6+ 44. Kxg6 Rc1 45. b4 a5 46. Rf7+ Ke6 47. Rxb7 axb4 48. axb4 Kxe5 49. g5
Rg1 50. Rc7 Kd5 51. Kf6 Rg4 52. Rb7 Rf4+ 53. Kg7 Ke6 54. g6 Rg4 55. Rb6 Kd7 56.
b5 cxb5 57. Rxb5 Kc6 58. Ra5 Rg1 59. Kf8 Kd7 60. Ra7+ Ke6 61. Re7+ Kf6 62. Rf7+
Ke6 63. g7 1-0

[Event "Preferente Aragonesa 2023 - Grupo 2"]
[Site ""]
[Date "2023.02.04"]
[Round "2.55"]
[White "Crespo Laborda, Alberto"]
[Black "Manguez Cambra, Jose Luis"]
[Result "1/2-1/2"]
[WhiteElo "1600"]
[BlackElo "1730"]
[PlyCount "0"]
[WhiteTeam "Palacio De Pioneros C"]
[BlackTeam "Las Fuentes B"]
[EventDate "2023.01.28"]

1. d4 Nf6 2. Nf3 e6 3. Bf4 b6 4. e3
Bb7 5. Bd3 Bb4+ 6. c3 Be7 7. Nbd2 d5 8. O-O Nbd7 9. Qc2 c5 10. Ne5 O-O 11. f3
Re8 12. g4 c4 13. Be2 Nxe5 14. Bxe5 Nd7 15. Bg3 Bh4 16. f4 Bxg3 17. hxg3 f6 18.
Bf3 e5 19. Nxc4 Qc7 20. Nd2 exd4 21. exd4 Re3 22. Rae1 Rae8 23. Qd1 Nf8 24.
Rxe3 Rxe3 25. Kf2 Qe7 26. Re1 Rxe1 27. Qxe1 Qd7 28. Qh1 Ne6 29. f5 Ng5 30. Bg2
Qb5 31. c4 Qxb2 32. Bxd5+ Kh8 33. Qe1 Bxd5 34. cxd5 Qxd4+ 35. Qe3 Qxd5 36. Qe8+
Qg8 37. Qxg8+ Kxg8 38. Ke3 Kf7 39. Kd4 Ke7 40. Kc4 a6 41. Kd5 1/2-1/2

[Event "Preferente Aragonesa 2023 - Grupo 2"]
[Site ""]
[Date "2023.02.04"]
[Round "2.56"]
[White "Lopez Caudevilla, David"]
[Black "Carretero Cacho, Juan Jose"]
[Result "1-0"]
[WhiteElo "2165"]
[BlackElo "2054"]
[PlyCount "0"]
[WhiteTeam "Actur Rey Fernando A"]
[BlackTeam "Agrupacion A"]
[EventDate "2023.01.28"]

1. e4 c5 2. Nc3 Nc6 3. g3 g6 4. Bg2 Bg7 5. d3 d6 6. Be3 e6 7. Qd2 Rb8 8. f4
Nge7 9. Nf3 Nd4 10. O-O O-O 11. Nd1 b5 12. Nh4 f5 13. c3 Ndc6 14. Nf3 Bb7 
15. Nf2 a5 16. Rad1 b4 17. Rfe1 Qc7 18. d4 c4 19. Ng5 Nd8 20. d5 exd5 
21. exd5 h6 22. Ba7 Ra8 23. Qe3 hxg5 24. Bb6 Qd7 25. Qxe7 Qxe7 26. Rxe7 Bc8 
27. Bd4 Bxd4 28. Rxd4 bxc3 29. bxc3 Rb8 30. Bf1 Rb1 31. Kg2 gxf4 32. gxf4 Ba6 
33. Ra7 Bb5 34. Rxa5 Nb7 35. Ra7 Nc5 36. Bxc4 Bxc4 37. Rxc4 Re8 38. Rb4 Rc1 
39. Rb6 Rc2 40. Kg3 Rxc3+ 41. Kh4 Rf3 42. Nh3 Ne4 43. Rbb7 Nf6 44. Rg7+ Kh8 
45. Rxg6 Nxd5 46. Rxd6 Ne3 47. Ng5 Ng2+ 48. Kh5 Nxf4+ 49. Kh6 Rfe3 50. Rh7+ Kg8 
51. Rg7+ Kf8 52. Nh7# 1-0

[Event "Preferente Aragonesa 2023 - Grupo 2"]
[Site ""]
[Date "2023.02.04"]
[Round "2.57"]
[White "Barros Gutierrez, Angel Luis"]
[Black "Abos Rosico, Antonio"]
[Result "1-0"]
[WhiteElo "2051"]
[BlackElo "2077"]
[PlyCount "0"]
[WhiteTeam "Agrupacion A"]
[BlackTeam "Actur Rey Fernando A"]
[EventDate "2023.01.28"]

1. e4 d6 2. d4 Nf6 3. Nc3 g6 4. Bg5 Bg7 5. Qd2 h6 6. Bf4 a6 7. h3 b5 8. Bd3 Nc6
9. Nf3 Nxd4 10. Nxd4 e5 11. Nc6 Qd7 12. Nxe5 dxe5 13. Bxe5 Bb7 14. O-O-O O-O-O 15. Rhe1
Qe6 16. f4 Rhe8 17. Qf2 h5 18. Nd5 Bh6 19. Bxf6 Bxd5 20. Bxd8 Bb7 21. Bg5 Bg7 22. Kb1
Kb8 23. c3 f6 24. f5 Qc8 25. Bf4 g5 26. Be3 1-0

[Event "Preferente Aragonesa 2023 - Grupo 2"]
[Site ""]
[Date "2023.02.04"]
[Round "2.58"]
[White "Leon Dionis, Mateo"]
[Black "Carruez Berges, Santiago"]
[Result "1-0"]
[WhiteElo "1754"]
[BlackElo "1930"]
[PlyCount "0"]
[WhiteTeam "Actur Rey Fernando A"]
[BlackTeam "Agrupacion A"]
[EventDate "2023.01.28"]

1. b4 e5 2. Bb2 Bxb4 3. Bxe5 Nf6 4. Nf3 O-O 5. e3 Re8 6. a3 Bf8 7. Be2 Nc6 
8. Bb2 d5 9. d3 Bg4 10. Nbd2 Bc5 11. O-O h6 12. d4 Bf8 13. c4 Be6 
14. Qc2 dxc4 15. Nxc4 Bd5 16. Nce5 Be4 17. Qb3 Na5 18. Qxf7+ Kh7 
19. Bc3 Re7 20. Qa2 Nc6 21. Nd2 Bf5 22. Bf3 1-0

[Event "Preferente Aragonesa 2023 - Grupo 2"]
[Site ""]
[Date "2023.02.04"]
[Round "2.60"]
[White "Sierra Aguerri, Joaquin"]
[Black "Muro Guerrero, Miguel"]
[Result "0-1"]
[WhiteElo "2091"]
[BlackElo "1939"]
[PlyCount "0"]
[WhiteTeam "Tauste A"]
[BlackTeam "Dr. Azua A"]
[EventDate "2023.01.28"]


1. e4 e5 2. Nf3 Nc6 3. Bc4 Nf6 4. Ng5 d5 5. exd5 Na5 6. Bb5+ c6 7. dxc6 bxc6 
8. Qf3 Be7 9. Bxc6+ Nxc6 10. Qxc6+ Bd7 11. Qc4 O-O 12. Nc3 Rc8 13. Qe2 Bc6 
14. O-O Nd5 15. Nxd5 Qxd5 16. Nf3 e4 17. Ne1 Bd6 18. Qe3 Qh5 19. Qh3 Qe5 
20. d3 f5 21. f4 exf3 22. Nxf3 Bxf3 23. gxf3 Rxc2 24. f4 Bc5+ 25. Kh1 Qd5+ 
26. Qf3 Qxf3+ 27. Rxf3 Re8 28. Be3 Rxe3 0-1

[Event "Preferente Aragonesa 2023 - Grupo 2"]
[Site ""]
[Date "2023.02.04"]
[Round "2.61"]
[White "Cajo Esteban, Ruben"]
[Black "Carbonel Sanchez, Andres"]
[Result "0-1"]
[WhiteElo "1865"]
[BlackElo "1948"]
[PlyCount "0"]
[WhiteTeam "Dr. Azua A"]
[BlackTeam "Tauste A"]
[EventDate "2023.01.28"]

1. d4 Nf6 2. c4 c5 3. Nf3 cxd4 4. Nxd4 e6 5. Nc3 Nc6 6. e4 Bc5 7. Nxc6 dxc6 
8. Qxd8+ Kxd8 9. Bg5 e5 10. O-O-O+ Kc7 11. Be2 Be6 12. Bxf6 gxf6 13. f3 h5 
14. g4 hxg4 15. fxg4 Rh3 16. Rd3 Rxd3 17. Bxd3 Bxg4 18. a3 Rh8 19. Ne2 Be3+ 
20. Kc2 Bf3 21. Rf1 Bxe2 22. Bxe2 Rxh2 23. Kd3 Bg5 24. b4 Kb6 25. a4 a5 26. b5 Kc5 
27. Bg4 Rd2+ 28. Kc3 Rd4 29. bxc6 bxc6 30. Bf5 Rxc4+ 31. Kb3 Rb4+ 32. Ka3 Rd4 
33. Rb1 Rd3+ 34. Ka2 Kd4 35. Rb6 Rc3 36. Ra6 Rc5 37. Kb3 Bd2 38. Ra7 Rc3+ 
39. Kb2 Rc4 40. Rd7+ Ke3 41. Rxf7 Rxa4 42. Rxf6 Rc4 43. Kb3 Rc3+ 44. Ka4 Rc4+ 
45. Kb3 Rb4+ 46. Kc2 c5 47. Rd6 Rd4 48. Rd5 Rxd5 49. exd5 Be1 50. d6 Kd4 
51. d7 Bh4 52. Kd2 e4 53. Be6 c4 54. Ke2 0-1

[Event "Preferente Aragonesa 2023 - Grupo 2"]
[Site ""]
[Date "2023.02.04"]
[Round "2.62"]
[White "Muro Turon, Raul"]
[Black "Garcia Garcia, Enrique"]
[Result "1/2-1/2"]
[WhiteElo "1813"]
[BlackElo "1797"]
[PlyCount "0"]
[WhiteTeam "Tauste A"]
[BlackTeam "Dr. Azua A"]
[EventDate "2023.01.28"]


1. e4 c5 2. Nf3 d6 3. d4 Nf6 4. dxc5 Nxe4 5. cxd6 Nc6 6. Be3 Qxd6 7. Qxd6 Nxd6 
8. Nc3 Bf5 9. O-O-O e5 10. Bc5 O-O-O 11. Nb5 Nxb5 12. Rxd8+ Kxd8 13. Bxf8 Rxf8 
14. Bxb5 f6 15. Bxc6 bxc6 16. Rd1+ Kc7 17. b3 Bg4 18. h3 Bh5 19. g4 Bg6 20. h4 Rd8 
21. Rxd8 Kxd8 22. Kd2 Kc7 23. Ne1 Kd6 24. Nd3 a5 25. c3 c5 26. Ke3 Bxd3 27. Kxd3 Kd5 
28. Ke3 g6 29. f3 h5 30. a3 f5 31. gxf5 gxf5 32. Kd3 c4+ 33. bxc4+ Kc5 34. a4 Kc6 
35. Ke3 Kc5 36. Kd3 Kc6 1/2-1/2

[Event "Preferente Aragonesa 2023 - Grupo 2"]
[Site ""]
[Date "2023.02.04"]
[Round "2.63"]
[White "Abenia Porroche, Roberto"]
[Black "San Lazaro Lorente, David"]
[Result "0-1"]
[WhiteElo "1699"]
[BlackElo "1773"]
[PlyCount "0"]
[WhiteTeam "Dr. Azua A"]
[BlackTeam "Tauste A"]
[EventDate "2023.01.28"]


1. Nf3 d5 2. d4 c5 3. c3 Nc6 4. g3 Nf6 5. Bg2 e6 6. O-O Bd6 7. Qc2 Bd7 8. Nbd2 Rc8 
9. dxc5 Bxc5 10. e4 O-O 11. exd5 exd5 12. Nb3 Bb6 13. Qd3 h6 14. Bf4 Ne7 15. Nbd4 Ng6 
16. Bc1 Re8 17. a4 Ne4 18. Be3 Bg4 19. Rfe1 Qd7 20. a5 Bxd4 21. Bxd4 a6 22. Ra3 Bh3 
23. Bh1 Qg4 24. Raa1 h5 25. Nd2 Nf4 26. Rxe4 dxe4 27. f3 exd3 28. fxg4 Ne2+ 29. Kf2 Nxd4 0-1

[Event "Preferente Aragonesa 2023 - Grupo 2"]
[Site ""]
[Date "2023.02.04"]
[Round "2.64"]
[White "Sanjulian Arruga, Pablo"]
[Black "Lopez Guaita, Fernando"]
[Result "0-1"]
[WhiteElo "1911"]
[BlackElo "1836"]
[PlyCount "0"]
[WhiteTeam "MyInvestor Casablanca C"]
[BlackTeam "Utebo San Lamberto A"]
[EventDate "2023.01.28"]

1. c4 e5 2. Nc3 g6 3. g3 Bg7 4. Bg2 Nf6 5. Nf3 d6 6. d4 Nbd7 7. O-O O-O 8. Qc2
c6 9. Rd1 Qc7 10. b3 Re8 11. dxe5 dxe5 12. e3 Nc5 13. Ba3 Bf5 14. Qe2 Nce4 15.
Nxe4 Nxe4 16. Bb2 Nc5 17. Nh4 Be6 18. e4 Rad8 19. Qc2 Rxd1+ 20. Rxd1 Rd8 21. b4
Rxd1+ 22. Qxd1 Qd7 23. Qxd7 Nxd7 24. c5 Bxa2 25. Bh3 Nb8 26. Bc8 b6 27. Ng2
bxc5 28. bxc5 Kf8 29. Bc3 Ke7 30. Ba5 Be6 31. Bb7 Kd7 32. Ne1 Bc4 33. Nf3 f6
34. Nd2 Ba2 35. f4 Bf8 0-1

[Event "Preferente Aragonesa 2023 - Grupo 2"]
[Site ""]
[Date "2023.02.04"]
[Round "2.65"]
[White "Moursy Sadek, Tarek"]
[Black "Bello Cera, Raul"]
[Result "1-0"]
[WhiteElo "1709"]
[BlackElo "1657"]
[PlyCount "0"]
[WhiteTeam "Utebo San Lamberto A"]
[BlackTeam "MyInvestor Casablanca C"]
[EventDate "2023.01.28"]

1. e4 e5 2. Nf3 Nc6 3. Bc4 Nf6 4. d3 Bc5 5. O-O O-O 6. c3 d6 7. b4 Bb6 8. a4 a6
9. Bg5 Be6 10. Nbd2 h6 11. Bh4 g5 12. Bg3 Kg7 13. Qb3 Qd7 14. Kh1 Rae8 15. Ng1
h5 16. h4 g4 17. Rae1 d5 18. exd5 Bxd5 19. f4 exf4 20. Rxe8 Rxe8 21. Bxf4 Bxc4
22. Qxc4 Ne5 23. Bxe5 Rxe5 24. Qf4 Qe6 25. d4 Rd5 26. c4 Rxd4 27. Qg5+ Kf8 28.
Rxf6 Qe1 29. Rh6 1-0

[Event "Preferente Aragonesa 2023 - Grupo 2"]
[Site ""]
[Date "2023.02.04"]
[Round "2.66"]
[White "Jaime Galeano, Alcher"]
[Black "Arias Alvarez, Alberto"]
[Result "1-0"]
[WhiteElo "1589"]
[BlackElo "1703"]
[PlyCount "0"]
[WhiteTeam "MyInvestor Casablanca C"]
[BlackTeam "Utebo San Lamberto A"]
[EventDate "2023.01.28"]

1. e4 c6 2. d4 d5 3. exd5 cxd5 4. Bd3 Nc6 5. c3 Nf6 6. Bf4 Bg4 7. f3 Bh5 8. Ne2
e6 9. O-O Bd6 10. Re1 O-O 11. Bg5 Bg6 12. Bxg6 hxg6 13. Nd2 Qc7 14. Bxf6 gxf6
15. g3 b5 16. Kg2 Kg7 17. Rc1 a5 18. Qc2 a4 19. a3 Na5 20. Rb1 Nc4 21. Nxc4
bxc4 22. Rbd1 Rfb8 23. Nc1 Rb6 24. Na2 Qb7 25. Nb4 Bxb4 26. axb4 a3 27. bxa3
Rxa3 28. Ra1 Rba6 29. Rxa3 Rxa3 30. Rb1 Qa8 31. b5 Qa5 32. Rb4 Ra2 33. Rb2 Ra3
34. b6 Qa8 35. b7 Qb8 36. Rb6 Ra7 37. Qb2 f5 38. f4 Kf6 39. Qe2 Ke7 40. Qe5
Ra2+ 41. Kf3 1-0

[Event "Preferente Aragonesa 2023 - Grupo 2"]
[Site ""]
[Date "2023.02.04"]
[Round "2.68"]
[White "Gracia Campo, Carlos Alberto"]
[Black "Baldellou Vicente, Roberto"]
[Result "1-0"]
[WhiteElo "2012"]
[BlackElo "1952"]
[PlyCount "0"]
[WhiteTeam "El Olivar B"]
[BlackTeam "San Jose A"]
[EventDate "2023.01.28"]

1. e4 d6 2. d4 Nf6 3. Nc3 g6 4. Bg5 Bg7 5. f3 O-O 6. Qd2 Nbd7 7. O-O-O c6 8.
Bh6 b5 9. h4 b4 10. Nb1 Qa5 11. h5 c5 12. hxg6 fxg6 13. Bc4+ d5 14. Bxg7 Kxg7
15. Qh6+ Kf7 16. Bxd5+ Nxd5 17. Qxh7+ Kf6 18. Rh6 Nf4 19. g3 Rf7 20. Qh8+ Ke6
21. gxf4 Bb7 22. Rxg6+ Rf6 23. Qh7 Raf8 24. dxc5 1-0

[Event "Preferente Aragonesa 2023 - Grupo 2"]
[Site ""]
[Date "2023.02.04"]
[Round "2.69"]
[White "Palomar Ramon, Santiago"]
[Black "Bailo Remacha, Santiago"]
[Result "1-0"]
[WhiteElo "1892"]
[BlackElo "1928"]
[PlyCount "0"]
[WhiteTeam "San Jose A"]
[BlackTeam "El Olivar B"]
[EventDate "2023.01.28"]

1. e4 c5 2. Nf3 d6 3. Bb5+ Bd7 4. Bxd7+ Nxd7 5. O-O Ngf6 6. Re1 e6 7. b3 Be7 8.
Bb2 O-O 9. c4 Ng4 10. d4 cxd4 11. Nxd4 Nge5 12. Nc3 Nc5 13. Re3 Bg5 14. Rh3 Qf6
15. Nde2 Bh4 16. f4 Ng4 17. g3 Bg5 18. Rb1 Bh6 19. Rh4 Qg6 20. f5 Be3+ 21. Kg2
exf5 22. Nd5 Qe6 23. Rxg4 fxg4 24. e5 Qf5 25. Ne7+ 1-0

[Event "Preferente Aragonesa 2023 - Grupo 2"]
[Site ""]
[Date "2023.02.04"]
[Round "2.70"]
[White "Requena Munguira, Jorge"]
[Black "Ferreruela Romero, Jose Joaquin"]
[Result "1-0"]
[WhiteElo "1888"]
[BlackElo "1874"]
[PlyCount "0"]
[WhiteTeam "El Olivar B"]
[BlackTeam "San Jose A"]
[EventDate "2023.01.28"]

1. d4 Nf6 2. c4 e6 3. Nc3 Bb4 4. Qc2 O-O 5. Nf3 d5 6. Bg5 h6 7. Bh4 g5 8. Bg3
Ne4 9. e3 Re8 10. Bd3 Nxg3 11. hxg3 dxc4 12. Bxc4 Bf8 13. O-O-O c6 14. Rh5 Bg7
15. Rdh1 Nd7 16. Rxh6 Bxh6 17. Rxh6 Nf8 18. Ne4 Kg7 19. Nexg5 Ng6 20. Rh7+ Kg8
21. Rxf7 1-0

[Event "Ctor por Equipos de Aragon-Division de Honor"]
[Site ""]
[Date "2023.02.11"]
[Round "3.1"]
[White "Del Rey, Diego"]
[Black "Cifuentes Parada, Roberto"]
[Result "0-1"]
[WhiteElo "2328"]
[BlackElo "2410"]
[PlyCount "0"]
[WhiteTeam "El Olivar"]
[BlackTeam "Jaque - Aramovil"]
[EventDate "2023.01.28"]

1. Nf3 d5 2. g3 c6 3. c4 Nf6 4. Bg2 e6 5. b3 Nbd7 6. Bb2 Bd6 7. d4 O-O 8. O-O
Ne4 9. Nbd2 f5 10. Ne5 Qe7 11. Qc2 Ndf6 12. c5 Bxe5 13. dxe5 Ng4 14. Bd4 Qg5
15. Nxe4 fxe4 16. f3 exf3 17. exf3 Nh6 18. f4 Qf5 19. Qd2 Qg6 20. b4 Bd7 21. a4
Nf5 22. Bf2 h5 23. Ra3 Rad8 24. Kh1 Be8 25. Bf3 Qh7 26. Qe2 Bg6 27. Kg1 Ne7 28.
Bd4 h4 29. Bg2 hxg3 30. hxg3 Be4 31. g4 Bxg2 32. Qxg2 Qe4 33. Qd2 g5 34. Re3
Qh7 35. Ref3 Qh4 36. Qd3 Rxf4 37. Rxf4 gxf4 38. Rxf4 Rf8 39. Rxf8+ Kxf8 40.
Qf3+ Ke8 0-1

[Event "Ctor por Equipos de Aragon-Division de Honor"]
[Site ""]
[Date "2023.02.11"]
[Round "3.2"]
[White "Escartin Lacasa, Jose"]
[Black "Villuendas Valero, Adrian"]
[Result "1-0"]
[WhiteElo "2284"]
[BlackElo "2259"]
[PlyCount "0"]
[WhiteTeam "Jaque - Aramovil"]
[BlackTeam "El Olivar"]
[EventDate "2023.01.28"]

1. d4 e6 2. Nf3 Nf6 3. g3 c5 4. Bg2 cxd4 5. O-O d5 6. Nxd4 e5 7. Nb3 Be6 8. Nc3
Be7 9. e4 d4 10. Ne2 Nc6 11. f4 Qb6 12. Kh1 O-O-O 13. fxe5 Ng4 14. Nf4 Ne3 15.
Bxe3 dxe3 16. Nd5 Bxd5 17. exd5 Nxe5 18. Qe2 Rhe8 19. c4 Kb8 20. Rac1 Rc8 21.
Rc3 Bc5 22. Nxc5 Qxc5 23. Re1 Qd4 24. Rxe3 Ng4 25. Rxe8 Nf2+ 26. Qxf2 Qxf2 27.
d6 Qf5 28. d7 Qxd7 29. R8e7 Qxe7 30. Rxe7 Rxc4 31. Rxb7+ Kc8 32. Rxf7 1-0

[Event "Ctor por Equipos de Aragon-Division de Honor"]
[Site ""]
[Date "2023.02.11"]
[Round "3.3"]
[White "Hernando Garcia, Antonio"]
[Black "Ereza Vizcarra, Fernando"]
[Result "1/2-1/2"]
[WhiteElo "2101"]
[BlackElo "2125"]
[PlyCount "0"]
[WhiteTeam "El Olivar"]
[BlackTeam "Jaque - Aramovil"]
[EventDate "2023.01.28"]

1. c4 e5 2. g3 Nc6 3. Bg2 g6 4. Nc3 Bg7 5. Nf3 f5 6. d3 Nf6 7. O-O O-O 8. Rb1
d6 9. b4 h6 10. b5 Ne7 11. a4 Be6 12. Ba3 Rc8 13. Qb3 Qd7 14. Nd2 b6 15. a5 f4
16. axb6 axb6 17. Nce4 Nxe4 18. Nxe4 Nf5 19. Bb2 Nd4 20. Bxd4 exd4 21. Ra1 Bg4
22. Rfe1 Be5 23. Nd2 Kh8 24. Nf3 Bg7 25. Qa2 g5 26. Qa6 Be6 27. Qb7 d5 28. Rac1
Rb8 29. Qc6 Qxc6 30. bxc6 dxc4 31. dxc4 Ra8 32. Nd2 Ra2 33. Red1 Rd8 34. c5 b5
35. Be4 Bd5 36. Bxd5 Rxd5 37. Kf1 Ra6 38. Ne4 Rxc6 39. Ra1 Re6 40. f3 fxg3 41.
hxg3 Rxe4 42. fxe4 Rxc5 43. Ra8+ Kh7 44. Rb8 c6 45. g4 Rc3 46. Rd3 Rc1+ 47. Kf2
Kg6 48. Ra3 Be5 49. Re8 Bf4 50. Ra7 Kf6 51. Rae7 Be3+ 52. Kg2 Rg1+ 53. Kh2 Rxg4
54. Re6+ Kf7 55. R8e7+ Kf8 56. Re8+ Kf7 57. R8e7+ Kf8 58. Re8+ Kf7 59. R8e7+
1/2-1/2

[Event "Ctor por Equipos de Aragon-Division de Honor"]
[Site ""]
[Date "2023.02.11"]
[Round "3.4"]
[White "Torrente Gayarre, Lorenzo"]
[Black "Galstyan, David"]
[Result "0-1"]
[WhiteElo "1657"]
[BlackElo "2040"]
[PlyCount "0"]
[WhiteTeam "Jaque - Aramovil"]
[BlackTeam "El Olivar"]
[EventDate "2023.01.28"]

1. d4 d5 2. Nf3 Nf6 3. g3 c5 4. Bg2 cxd4 5. O-O h6 6. Qxd4 Nc6 7. Qa4 Bd7 8.
Nc3 e5 9. b4 Bxb4 10. Qb3 Qa5 11. Bd2 e4 12. a3 exf3 13. axb4 Qxb4 14. Bxf3
Qxb3 15. cxb3 Be6 16. e4 O-O-O 17. exd5 Nxd5 18. Nxd5 Bxd5 19. Bg4+ Kb8 20. b4
b6 21. Rfc1 g5 22. Bc3 Rhe8 23. Bf6 Rd6 24. Bc3 Ne5 25. Bxe5 Rxe5 26. Rc8+ Kb7
27. Rac1 Rc6 28. R8xc6 Bxc6 29. f4 gxf4 30. gxf4 Re7 31. Bc8+ Kxc8 32. Rxc6+
Kd7 33. Rxh6 Re4 34. Rf6 Ke7 35. Rc6 Rxb4 36. Rc7+ Kf6 37. Rxa7 Rxf4 38. Rc7 b5
39. Rc5 Rf5 40. Rc6+ Ke5 41. Kg2 Kd4 42. Kg3 b4 43. Rb6 Kc4 44. Kg4 Rb5 45.
Rc6+ Kd3 46. Rf6 b3 47. Rxf7 b2 48. Rf1 b1=Q 49. Rxb1 Rxb1 50. h4 Ke4 51. Kg5
Ke5 52. Kg6 Rg1+ 53. Kh6 Kf6 54. h5 Rh1 0-1

[Event "Ctor por Equipos de Aragon-Division de Honor"]
[Site ""]
[Date "2023.02.11"]
[Round "3.5"]
[White "Adla, Diego"]
[Black "Luis Vitalla, Fernando"]
[Result "1-0"]
[WhiteElo "2400"]
[BlackElo "2097"]
[PlyCount "0"]
[WhiteTeam "MyInvestor Casablanca"]
[BlackTeam "Atletismo Huesca"]
[EventDate "2023.01.28"]

1. e4 e6 2. d4 d5 3. Nd2 c5 4. exd5 exd5 5. Ngf3 Nc6 6. Bb5 Bd6 7. dxc5 Bxc5 8.
O-O Nge7 9. Nb3 Bd6 10. c3 O-O 11. Bd3 h6 12. h3 Bf5 13. Re1 Bg6 14. Nbd4 a6
15. Be3 Bxd3 16. Qxd3 Ne5 17. Nxe5 Bxe5 18. Rad1 Qc7 19. Re2 Rad8 20. Rde1 Bf6
21. Qd2 Ng6 22. Nf3 Rfe8 23. Bd4 Rxe2 24. Rxe2 Bxd4 25. Nxd4 Qd7 26. Qe3 Kf8
27. Nf3 Qb5 28. Rd2 Ne7 29. Ne5 Re8 30. Qf3 f6 31. Ng4 Kf7 32. Ne3 Rd8 33. Qh5+
Kf8 34. a3 Qa5 35. g3 Kg8 36. h4 Kf8 37. Ng2 Qa4 38. Nf4 Rd6 39. Qe2 Kf7 40. h5
Qd7 41. Qd1 Qf5 42. c4 d4 43. Rxd4 Rb6 44. b4 Nc6 45. Rd6 Qe5 46. Qd5+ 1-0

[Event "Ctor por Equipos de Aragon-Division de Honor"]
[Site ""]
[Date "2023.02.11"]
[Round "3.6"]
[White "Gella Lopez, Angel"]
[Black "Glavina, Pablo"]
[Result "0-1"]
[WhiteElo "2023"]
[BlackElo "2408"]
[PlyCount "0"]
[WhiteTeam "Atletismo Huesca"]
[BlackTeam "MyInvestor Casablanca"]
[EventDate "2023.01.28"]

1. d4 Nf6 2. c4 e6 3. g3 c5 4. Nf3 cxd4 5. Nxd4 d5 6. Bg2 e5 7. Nf3 d4 8. e3
Nc6 9. O-O Be7 10. exd4 exd4 11. b3 O-O 12. Bb2 d3 13. Ne5 Nxe5 14. Bxe5 Bg4
15. Bf3 Bh3 16. Re1 Qd7 17. Nc3 d2 18. Re2 Qf5 19. Bxb7 Rad8 20. Bxf6 Bxf6 21.
Nd5 Rxd5 22. Bxd5 Bxa1 23. Qxa1 Qc2 0-1

[Event "Ctor por Equipos de Aragon-Division de Honor"]
[Site ""]
[Date "2023.02.11"]
[Round "3.7"]
[White "Quintin Navarro, Alberto"]
[Black "Laplaza Ara, Carlos"]
[Result "0-1"]
[WhiteElo "2373"]
[BlackElo "1929"]
[PlyCount "0"]
[WhiteTeam "MyInvestor Casablanca"]
[BlackTeam "Atletismo Huesca"]
[EventDate "2023.01.28"]

1. d4 Nf6 2. Nf3 d5 3. c4 e6 4. g3 Be7 5. Bg2 O-O 6. O-O b6 7. Nc3 Bb7 8. cxd5
Nxd5 9. Re1 c5 10. e4 cxd4 11. Nxd5 exd5 12. e5 Nc6 13. a3 Qd7 14. Bf4 Rfe8 15.
Rc1 Rac8 16. h4 Nd8 17. Nxd4 Ne6 18. Bh3 Rxc1 19. Bxc1 Bc5 20. Nf5 d4 21. Qd3
Qd5 22. Kh2 Bf8 23. b4 Rc8 24. Bd2 g6 25. Nd6 Bxd6 26. exd6 Qxd6 27. h5 Qd5 28.
h6 b5 29. Qf1 Rc2 30. Rd1 Qf3 31. Bg2 Qxg2+ 32. Qxg2 Bxg2 33. Kxg2 f5 34. Bf4
Nxf4+ 35. gxf4 Rc4 36. Re1 Kf7 37. Re5 a6 38. Rd5 Ke7 39. Re5+ Kd6 40. Re8 Rc7
41. Kf3 Rc3+ 42. Ke2 Rh3 43. Ra8 Rxh6 44. Rxa6+ Kd5 45. a4 bxa4 46. Rxa4 Rh1
47. b5 Rb1 48. Ra7 Rxb5 49. f3 h5 50. Ra6 Rb2+ 51. Kd3 Rf2 52. Ra5+ Ke6 53.
Ra6+ Kf7 54. Kxd4 Rxf3 55. Ra7+ Kf6 56. Ra6+ Kg7 57. Ra7+ Kh6 58. Ke5 Rb3 59.
Ra8 Rb7 60. Kf6 h4 61. Rh8+ Rh7 62. Rg8 h3 63. Rxg6+ Kh5 64. Rg5+ Kh4 65. Kg6
Rh8 66. Kg7 Rh5 67. Rg1 h2 68. Rh1 Kg3 69. Kg6 Kg4 0-1

[Event "Ctor por Equipos de Aragon-Division de Honor"]
[Site ""]
[Date "2023.02.11"]
[Round "3.8"]
[White "Martinez Carnicer, Eduardo"]
[Black "Vela Frago, Alberto"]
[Result "0-1"]
[WhiteElo "1654"]
[BlackElo "2213"]
[PlyCount "0"]
[WhiteTeam "Atletismo Huesca"]
[BlackTeam "MyInvestor Casablanca"]
[EventDate "2023.01.28"]

1. e4 c5 2. c3 Nf6 3. e5 Nd5 4. d4 cxd4 5. Nf3 e6 6. cxd4 d6 7. Bc4 Be7 8. O-O
O-O 9. Nc3 Nxc3 10. bxc3 Qc7 11. Qd3 b6 12. Re1 Bb7 13. Bb3 Nd7 14. Bf4 Rac8
15. exd6 Bxd6 16. Bxd6 Qxd6 17. Re3 Bxf3 18. Rxf3 Rfd8 19. Rd1 Rc7 20. h3 Nf8
21. Qe4 b5 22. d5 e5 23. Re3 Nd7 24. Qf5 g6 25. Qg5 f6 26. Qh6 Rdc8 27. Bc2 Nf8
28. Rdd3 b4 29. Qh4 Rxc3 30. Rxc3 bxc3 31. Qg3 Qa3 32. Bb3 c2 33. d6+ Qxb3 34.
Rxb3 c1=Q+ 35. Kh2 Qc6 36. Qg4 f5 37. Qb4 e4 38. Ra3 Qb6 39. Qd2 Qc5 40. Ra5
Qc4 41. Rxa7 Rd8 42. Qg5 Qd4 43. Qe7 Qxd6+ 44. Qxd6 Rxd6 45. a4 Nd7 46. a5 Nc5
0-1

[Event "Ctor por Equipos de Aragon-Division de Honor"]
[Site ""]
[Date "2023.02.11"]
[Round "3.10"]
[White "Moreno Martin-Viveros, Alvaro"]
[Black "Miranda Herrera, Jorge Manuel"]
[Result "1/2-1/2"]
[WhiteElo "2151"]
[BlackElo "2115"]
[PlyCount "0"]
[WhiteTeam "Teruel"]
[BlackTeam "Marcos Frechin"]
[EventDate "2023.01.28"]

1. e4 d6 2. d4 Nf6 3. Nc3 e5 4. dxe5 dxe5 5. Qxd8+ Kxd8 6. Nf3 Bd6 7. Be3 Nbd7
8. Nd2 Ng4 9. Bg5+ f6 10. Bh4 c6 11. h3 Nh6 12. Bc4 b5 13. Be2 Ke7 14. a4 b4
15. Nd1 a5 16. Ne3 Nb6 17. f3 Bc5 18. Bf2 Bd4 19. Nec4 Bxf2+ 20. Kxf2 Nxc4 21.
Bxc4 Nf7 22. Bxf7 Kxf7 23. Nb3 Ke7 24. Rhd1 Rd8 25. Ke3 Rd6 26. Nc5 h5 27. Rd3
Rxd3+ 28. Kxd3 Be6 29. Nxe6 Kxe6 30. Kc4 Rd8 31. Kc5 Rd2 32. Kb6 Rxc2 33. Kxa5
Rxb2 34. Kb6 b3 35. a5 c5 36. Kxc5 Ra2 37. Rg1 Rxa5+ 38. Kb4 Ra2 39. Kxb3 Rf2
40. h4 f5 41. exf5+ Kxf5 42. Kc4 Rc2+ 43. Kd3 Ra2 44. g4+ Kf4 45. gxh5 Ra3+ 46.
Ke2 Ra2+ 47. Kd3 Kxf3 48. Rf1+ Kg4 49. Rg1+ 1/2-1/2